La generación 68 : recuerda /

Guardado en:
Detalles Bibliográficos
Autor corporativo: Instituto de Ciencias
Formato: Libro
Idioma:Español
Temas:
Etiquetas: Agrega una etiqueta
Sin etiquetas, Sé el primero en etiquetar este registro!

MARC

LEADER 00000nam^a2200000^a^4500
001 000190952
005 20250521000000.0
009 20260310102510.103
037 |a Acervo ITESO - Biblioteca 
041 |a ESP 
082 |a 373. 72352  |b INS CIE 1968 
110 |a Instituto de Ciencias 
240 1 1 |a [Anuario del Instituto de Ciencias] 
245 1 3 |a La generación 68 :  |b recuerda /  |c Instituto de Ciencias. 
264 |a Guadalajara, México :  |b Instituto de Ciencias,  |c 1968 
300 |a 1 v. (sin paginación) 
336 |a texto  |b txt  |2 rdacontenido 
337 |a sin mediación  |b n  |2 rdamedio 
338 |a volumen  |b nc  |2 rdasoporte 
649 |a XX 
650 |a Alumnos -  |z Guadalajara, Jalisco 
650 |a Profesores -  |z Guadalajara, Jalisco 
650 |a Personal Escolar -  |z Guadalajara, Jalisco 
650 |a Instituto de Ciencias -  |z Guadalajara, Jalisco -  |x Historia 
650 |a Instituto de Ciencias -  |z Guadalajara, Jalisco -  |x Anuarios -  |x Tema Principal 
650 |a Educación Media -  |z Guadalajara, Jalisco 
650 |a Educación Media -  |z Jalisco 
650 |a Educación Media -  |z México 
650 |a Educación Media Superior -  |z Guadalajara, Jalisco 
650 |a Educación Media Superior -  |z Jalisco 
650 |a Educación Media Superior -  |z México 
650 |a Anuarios 
910 |a Fondo Julio de la Peña Lomelín 
920 |a Impresos - Libros 
930 |a Arquitectos Jaliscienses 
905 |a 115 
901 |a 0500134959  |b IT1  |c JAL  |u 20250521 
902 |a https://opac.biblio.iteso.mx/vufind/Record/000190952